Statistiken für Städte Quit

Klicken Sie hier um das Quiz zu spielen!

Allgemein

  • Dieses Quiz wurde 129 mal gespielt
  • Das Durchschnittsergebnis liegt bei 11 aus 15

Antwortstatistiken

Antwort% Korrekt
Berlin
97%
Köln
97%
Bremen
96%
Hamburg
96%
Frankfurt
93%
Dresden
82%
Wuppertal
80%
München
79%
Dortmund
77%
Düsseldorf
72%
Stuttgart
72%
Heidelberg
60%
Kassel
36%
Ludwigshafen
18%
Bamberg
7%

Verteilung der Resultate

Perzentil nach korrekt beantworteten Fragen

Anzahl Personen mit jedem Resultat

Ihre Resultats-Entwicklung

Sie haben dieses Quiz noch nicht gespielt